[Event "Avoine op 20th"]
[Site "Avoine"]
[Date "2005.07.28"]
[Round "6"]
[White "Rue, Pascal"]
[Black "Letonnelier, Jean Pierre"]
[Result "1-0"]
[WhiteElo "2160"]
[BlackElo "1988"]
[PlyCount "93"]
[EventDate "2005.07.23"]
[EventType "swiss"]
[EventRounds "9"]
[EventCountry "FRA"]
[SourceTitle "EXT 2007"]
[Source "ChessBase"]
[SourceDate "2006.11.23"]
[SourceVersion "1"]
[SourceVersionDate "2006.11.23"]
[SourceQuality "1"]

1. e4 e6 2. d4 d5 3. Nc3 Nf6 4. Bg5 Bb4 5. e5 h6 6. Bd2 Bxc3 7. bxc3 Ne4 8. Qg4 g6 9. Bd3 Nxd2 10. Kxd2 c5 11. h4 Bd7 12. Nh3 Nc6 13. Rhb1 b6 14. Qf4 Qe7 15. a4 cxd4 16. cxd4 Na5 17. Qf6 Qxf6 18. exf6 Rc8 19. f4 Nc4+ 20. Ke2 0-0 21. Nf2 Nd6 22. g4 Ne8 23. g5 h5 24. a5 b5 25. a6 Nd6 26. Kd2 Rb8 27. Rb4 Rfc8 28. Nd1 Ne4+ 29. Bxe4 dxe4 30. Ne3 Rb6 31. c4 bxc4 32. Rxb6 c3+ 33. Kc2 axb6 34. a7 Bc6 35. Nc4 Ba8 36. Nxb6 Rd8 37. Kxc3 Kf8 38. Nxa8 Rxa8 39. Kd2 Ke8 40. Ke3 Kd7 41. Kxe4 Kc6 42. Ke5 Kd7 43. Ra6 Kc7 44. d5 exd5 45. Kxd5 Kd7 46. Kc5 Kc7 47. Ra4 1-0

[Event "Avoine op 20th"]
[Site "Avoine"]
[Date "2005.07.25"]
[Round "3"]
[White "Gendre, Pascal"]
[Black "Rue, Pascal"]
[Result "1/2-1/2"]
[WhiteElo "2020"]
[BlackElo "2160"]
[PlyCount "91"]
[EventDate "2005.07.23"]
[EventType "swiss"]
[EventRounds "9"]
[EventCountry "FRA"]
[SourceTitle "EXT 2007"]
[Source "ChessBase"]
[SourceDate "2006.11.23"]
[SourceVersion "1"]
[SourceVersionDate "2006.11.23"]
[SourceQuality "1"]

1. d4 Nf6 2. c4 g6 3. Nf3 Bg7 4. g3 0-0 5. Bg2 d6 6. 0-0 Nc6 7. Nc3 a6 8. Bg5 h6 9. Bf4 Rb8 10. Qd2 Kh7 11. Rfc1 Nh5 12. Be3 Bd7 13. Nd5 e6 14. Nf4 Nxf4 15. Bxf4 e5 16. dxe5 dxe5 17. Be3 Be6 18. Qc2 Qe7 19. Rd1 Rfd8 20. a3 Na5 21. Nd2 Nc6 22. Nb3 Nd4 23. Nxd4 exd4 24. Bf4 Bf5 25. Qb3 g5 26. g4 Bxg4 27. Qg3 gxf4 28. Qxg4 Qg5 29. Qf3 Rd6 30. Kh1 f5 31. Rg1 Qh4 32. Qd3 Rf8 33. Raf1 Be5 34. Bh3 Qh5 35. Bg4 Qf7 36. Bf3 c6 37. Rg2 Rg8 38. Rfg1 Rxg2 39. Rxg2 Rf6 40. b4 b5 41. c5 Qc4 42. Be4 Qe6 43. Bf3 Rg6 44. Kg1 Rg5 45. Rxg5 hxg5 46. Bxc6 1/2-1/2

[Event "FRA Cup quarterfinal"]
[Site "Senat"]
[Date "2003.05.24"]
[Round "1"]
[White "Fontaine, Robert"]
[Black "Rue, Pascal"]
[Result "1-0"]
[WhiteElo "2527"]
[BlackElo "2121"]
[PlyCount "77"]
[EventDate "2003.05.24"]
[EventType "team"]
[EventRounds "1"]
[EventCountry "FRA"]
[SourceTitle "CBM 094 Extra"]
[Source "ChessBase"]
[SourceDate "2003.07.09"]
[SourceVersion "2"]
[SourceVersionDate "2003.07.09"]
[SourceQuality "1"]

1. e4 c5 2. Nf3 d6 3. d4 cxd4 4. Nxd4 Nf6 5. Nc3 a6 6. g3 g6 7. Bg2 Bg7 8. 0-0 0-0 9. h3 Nbd7 10. Be3 Qc7 11. Qd2 Rb8 12. a4 b6 13. Nd5 Nxd5 14. exd5 Bb7 15. b3 Nc5 16. Rad1 a5 17. Rfe1 Rfe8 18. Bh6 Bf6 19. Bg5 Bg7 20. h4 Na6 21. c4 Nc5 22. Bh6 Rbd8 23. Bxg7 Kxg7 24. h5 f6 25. Re2 Rf8 26. Rde1 Rde8 27. Bh3 Rf7 28. Be6 Rff8 29. Kg2 Nxb3 30. Nxb3 Qxc4 31. Re3 Qxa4 32. Rc1 Ba6 33. Nd4 Bc4 34. Rec3 b5 35. Qe3 Qa2 36. R3c2 Bxd5+ 37. f3 Qa4 38. Bxd5 e5 39. Rc7+ 1-0

[Event "FRA-chT2S 9798"]
[Site "France"]
[Date "1998.??.??"]
[Round "6"]
[White "Rue, Pascal"]
[Black "Veysseyre, Didier"]
[Result "0-1"]
[WhiteElo "2105"]
[BlackElo "2190"]
[PlyCount "92"]
[EventDate "1997.??.??"]
[EventType "team"]
[EventRounds "9"]
[EventCountry "FRA"]
[SourceTitle "EXT 2003"]
[Source "ChessBase"]
[SourceDate "2002.11.25"]
[SourceVersion "1"]
[SourceVersionDate "2002.11.25"]
[SourceQuality "1"]

1. e4 e6 2. d4 d5 3. Nc3 Nf6 4. Bg5 Be7 5. e5 Nfd7 6. h4 a6 7. Bxe7 Qxe7 8. Qg4 f5 9. Qg3 c5 10. dxc5 Nc6 11. f4 Nxc5 12. Bd3 0-0 13. 0-0-0 Bd7 14. Nf3 b5 15. h5 b4 16. Ne2 Rfc8 17. Kb1 a5 18. Qg5 Qf7 19. h6 g6 20. Ned4 Nxd4 21. Nxd4 a4 22. g4 b3 23. gxf5 bxa2+ 24. Ka1 exf5 25. Rhg1 Ne6 26. Nxe6 Bxe6 27. Kxa2 Rab8 28. Qf6 Qxf6 29. exf6 Rb4 30. Rgf1 Rcb8 31. Rb1 Kf7 32. c3 d4+ 33. Ka1 dxc3 34. bxc3 Rxb1+ 35. Rxb1 Rxb1+ 36. Kxb1 Kxf6 37. Kb2 g5 38. fxg5+ Kxg5 39. Ka3 Bd7 40. c4 Kxh6 41. c5 Kg5 42. Kb4 Kf6 43. Bc4 Ke5 44. Bg8 h5 45. Ka5 h4 46. Kb6 h3 0-1

[Event "FRA-chT2S 9798"]
[Site "France"]
[Date "1998.??.??"]
[Round "9"]
[White "Tavenard, Ludovic"]
[Black "Rue, Pascal"]
[Result "1-0"]
[WhiteElo "2150"]
[BlackElo "2105"]
[PlyCount "95"]
[EventDate "1997.??.??"]
[EventType "team"]
[EventRounds "9"]
[EventCountry "FRA"]
[SourceTitle "EXT 2003"]
[Source "ChessBase"]
[SourceDate "2002.11.25"]
[SourceVersion "1"]
[SourceVersionDate "2002.11.25"]
[SourceQuality "1"]

1. e4 c5 2. c3 Nf6 3. e5 Nd5 4. d4 cxd4 5. Nf3 e6 6. cxd4 Be7 7. Nc3 Nxc3 8. bxc3 b6 9. Bd3 Bb7 10. 0-0 Qc7 11. Bd2 d6 12. Re1 Nd7 13. Bf4 Rc8 14. Rc1 a6 15. Bg3 dxe5 16. Nxe5 Nxe5 17. Bxe5 Bd6 18. Qg4 Bxe5 19. dxe5 Kf8 20. h4 h5 21. Qf4 Rh6 22. Re3 b5 23. Rg3 Qe7 24. Be2 Bd5 25. Rc2 Bc4 26. Bd1 Rd8 27. Bf3 Bd5 28. Be2 Rc8 29. Rg5 Bc4 30. Rxh5 Rxh5 31. Bxh5 Bd3 32. Rd2 Bh7 33. Qg3 Bb1 34. Bd1 Rc4 35. h5 Qc7 36. Rb2 Be4 37. Rb3 a5 38. Be2 Rc5 39. Qe3 Bd5 40. Ra3 b4 41. cxb4 Rc1+ 42. Kh2 axb4 43. Ra4 Rc2 44. h6 gxh6 45. Qxh6+ Ke8 46. Bb5+ Bc6 47. Ra8+ Kd7 48. Qh8 1-0

[Event "FRA-chT 9697 fin"]
[Site "Clichy"]
[Date "1997.05.01"]
[Round "8"]
[White "Moingt, Jean Claude"]
[Black "Rue, Pascal"]
[Result "1-0"]
[WhiteElo "2315"]
[BlackElo "2105"]
[PlyCount "65"]
[EventDate "1997.??.??"]
[EventType "team"]
[EventRounds "4"]
[EventCountry "FRA"]
[SourceTitle "EXT 1999"]
[Source "ChessBase"]
[SourceDate "1998.11.16"]
[SourceVersion "1"]
[SourceVersionDate "1998.11.16"]
[SourceQuality "1"]

1. Nf3 Nf6 2. g3 g6 3. Bg2 Bg7 4. 0-0 0-0 5. d3 d6 6. e4 c6 7. Nbd2 Bd7 8. Re1 Na6 9. d4 Ne8 10. c3 e5 11. dxe5 dxe5 12. Nc4 f6 13. b3 Be6 14. Qe2 b5 15. Ne3 Nac7 16. h4 Rf7 17. h5 g5 18. Bb2 h6 19. Nh2 Bf8 20. Bf3 Rd7 21. Rad1 Rxd1 22. Rxd1 Qe7 23. Bg4 Qf7 24. Bxe6 Nxe6 25. Nf5 Kh7 26. Ng4 Rd8 27. Kg2 Rxd1 28. Qxd1 a5 29. f3 a4 30. bxa4 bxa4 31. Qxa4 Nc5 32. Qxc6 Nd3 33. Qxe8 1-0

[Event "Clermont Ferrand op"]
[Site "Clermont Ferrand "]
[Date "1997.02.21"]
[Round "4"]
[White "Rue, Pascal"]
[Black "Sojka, Bernard"]
[Result "1/2-1/2"]
[WhiteElo "2105"]
[BlackElo "1890"]
[PlyCount "84"]
[EventDate "1997.02.??"]
[EventType "swiss"]
[EventRounds "9"]
[EventCountry "FRA"]
[SourceTitle "EXT 2004"]
[Source "ChessBase"]
[SourceDate "2003.11.25"]
[SourceVersion "1"]
[SourceVersionDate "2003.11.25"]
[SourceQuality "1"]

1. e4 e5 2. Nf3 Nc6 3. Bb5 a6 4. Bxc6 dxc6 5. 0-0 f6 6. Na3 Be6 7. Qe2 Bd6 8. c3 Ne7 9. Rd1 0-0 10. d4 Ng6 11. Nc4 Qe7 12. dxe5 Nxe5 13. Nxd6 Nxf3+ 14. Qxf3 cxd6 15. Qg3 d5 16. Bf4 Rad8 17. e5 Rd7 18. Re1 f5 19. Be3 Kh8 20. f4 c5 21. Qf2 b6 22. a4 Rc8 23. Red1 Qd8 24. a5 Rc6 25. axb6 Qxb6 26. b4 d4 27. cxd4 cxd4 28. Bxd4 Qxb4 29. Qb2 Qxb2 30. Bxb2 Rxd1+ 31. Rxd1 Kg8 32. Rd8+ Kf7 33. Ba3 h5 34. Rf8+ Kg6 35. Rd8 Kf7 36. Bd6 Rc8 37. Rxc8 Bxc8 38. Kf2 Ke6 39. Ke3 Kd5 40. Bc7 Kc4 41. Bd8 Be6 42. Bc7 Kc5 1/2-1/2

[Event "FRA-chT2S"]
[Site "France"]
[Date "1997.??.??"]
[Round "2"]
[White "Rue, Pascal"]
[Black "Szitas, Gabor"]
[Result "1/2-1/2"]
[WhiteElo "2140"]
[BlackElo "2175"]
[PlyCount "186"]
[EventDate "1997.??.??"]
[EventType "team"]
[EventRounds "9"]
[EventCountry "FRA"]
[SourceTitle "EXT 2007"]
[Source "ChessBase"]
[SourceDate "2006.11.23"]
[SourceVersion "1"]
[SourceVersionDate "2006.11.23"]
[SourceQuality "1"]
[WhiteTeam "Clermont Ferrand"]
[BlackTeam "Toulouse"]
[WhiteTeamCountry "FRA"]
[BlackTeamCountry "FRA"]

1. e4 e5 2. Nf3 Nc6 3. Nc3 Nf6 4. g3 Bb4 5. d3 d6 6. Bg2 0-0 7. 0-0 a6 8. h3 Be6 9. Bd2 Bc5 10. Be3 Qd7 11. Ng5 Nd4 12. Nxe6 fxe6 13. Ne2 Nxe2+ 14. Qxe2 Qb5 15. b3 Qb6 16. c4 Bd4 17. Rab1 a5 18. a3 Rf7 19. Bxd4 Qxd4 20. Qe3 Qxe3 21. fxe3 Nd7 22. Rxf7 Kxf7 23. d4 Ke7 24. Bf1 b6 25. Be2 exd4 26. exd4 e5 27. dxe5 Nxe5 28. Kf2 Rf8+ 29. Ke3 Nd7 30. Re1 Nc5 31. Bd1 Kd7 32. Bc2 h6 33. Rd1 Ke6 34. Re1 Nd7 35. Bd1 Ne5 36. Be2 Rf6 37. Rg1 g5 38. Rh1 Ke7 39. Ra1 Rf8 40. Rh1 c5 41. a4 Nc6 42. h4 Rg8 43. hxg5 Rxg5 44. Kf4 Rg6 45. g4 Nd4 46. Bd1 Ne6+ 47. Ke3 Rf6 48. Rh5 Ng5 49. Rh1 Ke6 50. Be2 Kf7 51. Rd1 Kg6 52. Rd5 Nf7 53. Rh5 Ne5 54. Rh1 Nc6 55. Bd1 Nd4 56. Rg1 Re6 57. Rh1 Re5 58. Rf1 Kg7 59. Rh1 Re6 60. Rh5 Rg6 61. Rh1 Kf6 62. Rf1+ Ke7 63. Rh1 Rf6 64. Rg1 Ne6 65. Rh1 Ng5 66. Be2 Re6 67. Bf3 d5 68. cxd5 Rf6 69. Bg2 Kd6 70. Rf1 Rxf1 71. Bxf1 Ke5 72. Bd3 Nh7 73. Be2 Nf8 74. Bb5 Nh7 75. Be2 Nf6 76. Bf3 Nd7 77. Be2 c4 78. Bxc4 Nc5 79. d6 Kxd6 80. Kd4 Nd7 81. Bb5 Ne5 82. Be2 Ng6 83. Bb5 Ne5 84. Be2 Nc6+ 85. Kc4 Ne5+ 86. Kd4 Nc6+ 87. Kc4 Ke5 88. Bf1 Kf4 89. Kb5 Nd4+ 90. Kxb6 Nxb3 91. Bc4 Nd2 92. Be6 Nxe4 93. Kxa5 Nc5 1/2-1/2

[Event "Saint Affrique op"]
[Site "Saint Affrique"]
[Date "1995.??.??"]
[Round "2"]
[White "Rue, Pascal"]
[Black "Cebalo, Miso"]
[Result "1/2-1/2"]
[WhiteElo "2060"]
[BlackElo "2515"]
[PlyCount "150"]
[EventDate "1995.07.??"]
[EventType "swiss"]
[EventRounds "7"]
[EventCountry "FRA"]
[SourceTitle "EXT 1999"]
[Source "ChessBase"]
[SourceDate "1998.11.16"]
[SourceVersion "1"]
[SourceVersionDate "1998.11.16"]
[SourceQuality "1"]

1. e4 c5 2. Nf3 e6 3. d4 cxd4 4. Nxd4 Nc6 5. Nc3 d6 6. Be3 Nf6 7. g4 h6 8. Be2 a6 9. Rg1 Bd7 10. h4 g6 11. Qd2 b5 12. a3 h5 13. Bg5 hxg4 14. Nxc6 Bxc6 15. e5 Be7 16. exf6 Bf8 17. Bxg4 d5 18. Qd4 Qc7 19. 0-0-0 Bd6 20. Rge1 0-0-0 21. Kb1 Kb8 22. Bxe6 fxe6 23. Rxe6 Rhf8 24. Re7 Rd7 25. Rxd7 Qxd7 26. Qb6+ Qb7 27. Qxb7+ Kxb7 28. Nxd5 Be5 29. f4 Bb8 30. Ne7 Be8 31. f5 gxf5 32. Nxf5 Bh5 33. Re1 Bg6 34. Ne7 Bf7 35. Rd1 Bc7 36. Rd4 Rd8 37. Rxd8 Bxd8 38. Bf4 Bh5 39. Kc1 Bb6 40. Nf5 Kc6 41. Ng7 Bf7 42. h5 Kd5 43. h6 Bg6 44. Bd2 Bd4 45. Bg5 Be5 46. c3 a5 47. Kd2 a4 48. Ke3 Bd6 49. Bf4 Bf8 50. Kd2 Bxg7 51. hxg7 Bf7 52. Kd3 Bg6+ 53. Ke3 Bf7 54. Bc7 Ke6 55. Bd8 Ke5 56. Be7 Bg8 57. Kf3 Kf5 58. Kg3 Bf7 59. Kh4 Kf4 60. Bc5 Kf5 61. Bd4 Kf4 62. c4 bxc4 63. Bc3 Kf5 64. Kg3 Bd5 65. Kf2 Kf4 66. Ke2 Ke4 67. Kd2 Bf7 68. Ba5 Ke5 69. Bd8 Kd4 70. Bc7 Be6 71. Bb6+ Ke5 72. Kc3 Kxf6 73. Bd4+ Kf7 74. Kb4 Bd7 75. Kxc4 Be6+ 1/2-1/2